01171nam a22002417a 45000010005000000030006000050050017000110080041000280200018000690400029000870500014001160820011001301000032001412450139001732600037003123000059003495050008004085200395004165210029008115210020008406500032008607000037008923831FISKH20240515151923.0240515b cb ||||| |||| 00| 0 eng d a9781338054644 aFISKHbengcFISKHdFISKH aTR140.P35 a770.89 aWeatherford, Carole Boston  aGordon Parks: bHow the Photographer Captured Black and White America /cby Carole Boston Weatherford : illustrated by Jamey Christoph aNew York : bSholastic ; c2015  a31 unnumbered pages : bcolor illustrations ;c26 cm . aM  aGordon Parks is most famous for being the first black director in Hollywood. But before he made movies and wrote books, he was a poor African American looking for work. When he bought a camera, his life changed forever. He taught himself how to take pictures and before long, people noticed. This is a fixed-format ebook, which preserves the design and layout of the original print book. .8 a530 bLexile estimate 8 aM bRaz-Plus  aGordon Parks vNon-fiction  aChristoph , Jamey eillustrator